<?xml version="1.0" encoding="UTF-8"?>
<record
    xmlns:xsi="http://www.w3.org/2001/XMLSchema-instance"
    xsi:schemaLocation="http://www.loc.gov/MARC21/slim http://www.loc.gov/standards/marcxml/schema/MARC21slim.xsd"
    xmlns="http://www.loc.gov/MARC21/slim">

  <leader>00789nam a22001577a 4500</leader>
  <controlfield tag="003">OSt</controlfield>
  <controlfield tag="005">20151005083837.0</controlfield>
  <controlfield tag="008">151005b        xxu||||| |||| 00| 0 eng d</controlfield>
  <datafield tag="040" ind1=" " ind2=" ">
    <subfield code="c">RUA</subfield>
  </datafield>
  <datafield tag="082" ind1=" " ind2=" ">
    <subfield code="a">AVM ROS 2004 B074 Or.6</subfield>
  </datafield>
  <datafield tag="100" ind1=" " ind2=" ">
    <subfield code="9">2015</subfield>
    <subfield code="a">ROS, VA.</subfield>
  </datafield>
  <datafield tag="245" ind1=" " ind2=" ">
    <subfield code="a">effect of using rubber seed in feed ingredient on growth raatae of pigs at sreysanthor district, kampongcham province ( &#x17A5;&#x1791;&#x17D2;&#x1792;&#x17B7;&#x1796;&#x179B;&#x1793;&#x17C3;&#x1780;&#x17B6;&#x179A;&#x1794;&#x17D2;&#x179A;&#x17BE;&#x1794;&#x17D2;&#x179A;&#x17B6;&#x179F;&#x17CB;&#x1782;&#x17D2;&#x179A;&#x17B6;&#x1794;&#x17CB;&#x1780;&#x17C5;&#x179F;&#x17CA;&#x17BC;&#x1780;&#x17D2;&#x1793;&#x17BB;&#x1784;&#x1785;&#x17C6;&#x178E;&#x17B8;&#x1795;&#x17D2;&#x179F;&#x17C6;&#x1791;&#x17C5;&#x179B;&#x17BE;&#x1780;&#x17B6;&#x179A;&#x179B;&#x17BC;&#x178F;&#x179B;&#x17B6;&#x179F;&#x17CB;&#x179A;&#x1794;&#x179F;&#x17CB;&#x1787;&#x17D2;&#x179A;&#x17BC;&#x1780;&#x179F;&#x17B6;&#x1785;&#x17CB; &#x1793;&#x17C5;&#x179F;&#x17D2;&#x179A;&#x17BB;&#x1780;&#x179F;&#x17D2;&#x179A;&#x17B8;&#x179F;&#x1793;&#x17D2;&#x1792;&#x179A; &#x1781;&#x17C1;&#x178F;&#x17D2;&#x178F;&#x1780;&#x17C6;&#x1796;&#x1784;&#x17CB;&#x1785;&#x17B6;&#x1798;)</subfield>
  </datafield>
  <datafield tag="260" ind1=" " ind2=" ">
    <subfield code="a">Phnom Penh</subfield>
    <subfield code="b">RUA</subfield>
    <subfield code="c">2004</subfield>
  </datafield>
  <datafield tag="300" ind1=" " ind2=" ">
    <subfield code="a">vii, 39p.</subfield>
    <subfield code="b">ill.</subfield>
    <subfield code="c">29cm.</subfield>
  </datafield>
  <datafield tag="942" ind1=" " ind2=" ">
    <subfield code="2">ddc</subfield>
    <subfield code="c">AVM</subfield>
  </datafield>
  <datafield tag="999" ind1=" " ind2=" ">
    <subfield code="c">1904</subfield>
    <subfield code="d">1904</subfield>
  </datafield>
  <datafield tag="952" ind1=" " ind2=" ">
    <subfield code="0">0</subfield>
    <subfield code="1">0</subfield>
    <subfield code="2">ddc</subfield>
    <subfield code="4">0</subfield>
    <subfield code="6">AVM_ROS_2004_000000000000000_B074_OR_1</subfield>
    <subfield code="7">0</subfield>
    <subfield code="9">7956</subfield>
    <subfield code="a">LBB</subfield>
    <subfield code="b">LBB</subfield>
    <subfield code="c">B074</subfield>
    <subfield code="d">2015-10-05</subfield>
    <subfield code="l">1</subfield>
    <subfield code="o">AVM ROS 2004 B074 Or.1</subfield>
    <subfield code="p">RUA009053</subfield>
    <subfield code="r">2019-01-08</subfield>
    <subfield code="s">2018-12-18</subfield>
    <subfield code="w">2015-10-05</subfield>
    <subfield code="y">AVM</subfield>
  </datafield>
  <datafield tag="952" ind1=" " ind2=" ">
    <subfield code="0">0</subfield>
    <subfield code="1">0</subfield>
    <subfield code="2">ddc</subfield>
    <subfield code="4">0</subfield>
    <subfield code="6">AVM_ROS_2004_000000000000000_B074_OR_2</subfield>
    <subfield code="7">0</subfield>
    <subfield code="9">7957</subfield>
    <subfield code="a">LBB</subfield>
    <subfield code="b">LBB</subfield>
    <subfield code="c">B074</subfield>
    <subfield code="d">2015-10-05</subfield>
    <subfield code="l">1</subfield>
    <subfield code="o">AVM ROS 2004 B074 Or.2</subfield>
    <subfield code="p">RUA009175</subfield>
    <subfield code="r">2018-12-11</subfield>
    <subfield code="s">2018-11-28</subfield>
    <subfield code="w">2015-10-05</subfield>
    <subfield code="y">AVM</subfield>
  </datafield>
  <datafield tag="952" ind1=" " ind2=" ">
    <subfield code="0">0</subfield>
    <subfield code="1">0</subfield>
    <subfield code="2">ddc</subfield>
    <subfield code="4">0</subfield>
    <subfield code="6">AVM_ROS_2004_000000000000000_B074_OR_3</subfield>
    <subfield code="7">0</subfield>
    <subfield code="9">7958</subfield>
    <subfield code="a">LBB</subfield>
    <subfield code="b">LBB</subfield>
    <subfield code="c">B074</subfield>
    <subfield code="d">2015-10-05</subfield>
    <subfield code="l">3</subfield>
    <subfield code="o">AVM ROS 2004 B074 Or.3</subfield>
    <subfield code="p">RUA009241</subfield>
    <subfield code="r">2018-12-11</subfield>
    <subfield code="s">2018-11-26</subfield>
    <subfield code="w">2015-10-05</subfield>
    <subfield code="y">AVM</subfield>
  </datafield>
  <datafield tag="952" ind1=" " ind2=" ">
    <subfield code="0">0</subfield>
    <subfield code="1">0</subfield>
    <subfield code="2">ddc</subfield>
    <subfield code="4">0</subfield>
    <subfield code="6">AVM_ROS_2004_000000000000000_B074_OR_4</subfield>
    <subfield code="7">0</subfield>
    <subfield code="9">7959</subfield>
    <subfield code="a">LBB</subfield>
    <subfield code="b">LBB</subfield>
    <subfield code="c">B074</subfield>
    <subfield code="d">2015-10-05</subfield>
    <subfield code="l">1</subfield>
    <subfield code="o">AVM ROS 2004 B074 Or.4</subfield>
    <subfield code="p">RUA009043</subfield>
    <subfield code="r">2019-01-16</subfield>
    <subfield code="s">2018-12-26</subfield>
    <subfield code="w">2015-10-05</subfield>
    <subfield code="y">AVM</subfield>
  </datafield>
  <datafield tag="952" ind1=" " ind2=" ">
    <subfield code="0">0</subfield>
    <subfield code="1">0</subfield>
    <subfield code="2">ddc</subfield>
    <subfield code="4">0</subfield>
    <subfield code="6">AVM_ROS_2004_000000000000000_B074_OR_5</subfield>
    <subfield code="7">0</subfield>
    <subfield code="9">7960</subfield>
    <subfield code="a">LBB</subfield>
    <subfield code="b">LBB</subfield>
    <subfield code="c">B074</subfield>
    <subfield code="d">2015-10-05</subfield>
    <subfield code="o">AVM ROS 2004 B074 Or.5</subfield>
    <subfield code="p">RUA009177</subfield>
    <subfield code="r">2015-10-05</subfield>
    <subfield code="w">2015-10-05</subfield>
    <subfield code="y">AVM</subfield>
  </datafield>
  <datafield tag="952" ind1=" " ind2=" ">
    <subfield code="0">0</subfield>
    <subfield code="1">0</subfield>
    <subfield code="2">ddc</subfield>
    <subfield code="4">0</subfield>
    <subfield code="6">AVM_ROS_2004_000000000000000_B074_OR_6</subfield>
    <subfield code="7">0</subfield>
    <subfield code="9">48808</subfield>
    <subfield code="a">LBB</subfield>
    <subfield code="b">LBB</subfield>
    <subfield code="d">2016-08-05</subfield>
    <subfield code="l">1</subfield>
    <subfield code="o">AVM ROS 2004 B074 Or.6</subfield>
    <subfield code="p">RUA059893</subfield>
    <subfield code="r">2019-11-13</subfield>
    <subfield code="s">2019-11-08</subfield>
    <subfield code="w">2016-08-05</subfield>
    <subfield code="y">AVM</subfield>
  </datafield>
  <datafield tag="952" ind1=" " ind2=" ">
    <subfield code="0">0</subfield>
    <subfield code="1">0</subfield>
    <subfield code="2">ddc</subfield>
    <subfield code="4">0</subfield>
    <subfield code="6">AVM_ROS_2004_000000000000000_B074_OR_6</subfield>
    <subfield code="7">0</subfield>
    <subfield code="9">48809</subfield>
    <subfield code="a">LBB</subfield>
    <subfield code="b">LBB</subfield>
    <subfield code="d">2016-08-05</subfield>
    <subfield code="o">AVM ROS 2004 B074 Or.6</subfield>
    <subfield code="r">2016-08-05</subfield>
    <subfield code="w">2016-08-05</subfield>
    <subfield code="y">AVM</subfield>
  </datafield>
</record>
